Normal view MARC view
  • McCash, Elaine M.,

Entry Personal Name

Number of records used in: 1

001 - CONTROL NUMBER

  • control field: 81994

003 - CONTROL NUMBER IDENTIFIER

  • control field: NUST

005 - DATE AND TIME OF LATEST TRANSACTION

  • control field: 20210901141251.0

008 - FIXED-LENGTH DATA ELEMENTS

  • fixed length control field: 210901|| aca||aabn | a|a d

040 ## - CATALOGING SOURCE

  • Original cataloging agency: NUST
  • Transcribing agency: NUST

100 ## - HEADING--PERSONAL NAME

  • Personal name: McCash, Elaine M.,
  • Dates associated with a name: 1961-

670 ## - SOURCE DATA FOUND

  • Source citation: Work cat.: (NUST)0: Banwell, C. N., Elaine M. McCash, Department of Chemistry 81991, Fundamentals of Molecular Spectroscopy , c1994.
© 2023 Central Library, National University of Sciences and Technology. All Rights Reserved.